Singular Ordinary Differential Operators and Pseudodifferential Equations

Uložené v:
Podrobná bibliografia
Hlavný autor: Elschner, Johannes
Médium: Kniha
Jazyk:German
Vydavateľské údaje: Berlin Akademie 1985
Vydanie:1. ed.
Tagy: Pridať tag
Žiadne tagy, Buďte prvý, kto otaguje tento záznam!

MARC

LEADER 00000nam a2200000 4500
001 c024406
005 20221220082310.7
041 0 |a ger 
044 |a DE 
245 1 0 |a Singular Ordinary Differential Operators and Pseudodifferential Equations  |c Johannes Elschner 
250 |a 1. ed. 
264 1 |a Berlin  |b Akademie  |c 1985 
300 |a 200 s. 
100 1 |a Elschner, Johannes